Statistics for Football Quiz

Click here to take the quiz!

General Stats

  • This quiz has been taken 14 times
  • The average score is 10 of 15

Answer Stats

QuestionAnswer% Correct
What is one of the most viewed sports in America that's based on American football?NFL
92%
What sport has the same name as the sport based on this quiz?Soccer
92%
Which of these are actual NFL/Football teams?Los Angeles Rams
83%
What is this quiz about?NFL, Football
83%
What is a touchdown?When a player catches the ball in a touchdown zone, 6 points score
83%
How many teams are there in the NFL?32
75%
Which of these are a fake team of the NFL?Ottawa Guards
75%
Which of these is false about football?Touchdowns scores 10 points
75%
What is related between baseball and football?Both sports use a type of ball (Both balls names are the same as the sport)
67%
Which of these balls are used in football? (These aren't the names of their sports)Football
67%
Is soccer the same as football?No
67%
What is the most hated team in the NFL?New England Patriots
50%
What is a "Its good!" or "1-Point Safety" in football?When the ball gets successfully thrown in the goal post
42%
Was this quiz great? (Choose any, I made yes correct, you can pick any though, I want to see your opinions of the quiz :D)Yes!
42%
What is the most liked team in the NFL?Seattle Seahawks
8%

Score Distribution

Percentile by Number Answered

Percent of People with Each Score

Your Score History

You have not taken this quiz